Every Ferrari F1 Driver - Statistics

General Stats
  • This quiz has been taken 107 times
    45 since last reset
  • The average score is 31 of 68
Answer Stats
Ferrari Debut Nationality Driver % Correct
2021 Spain Carlos Sainz
93%
2019 Monaco Charles Leclerc
93%
2025 Great Britain Lewis Hamilton
93%
2015 Germany Sebastian Vettel
93%
2024 Great Britain Oliver Bearman
90%
2010 Spain Fernando Alonso
88%
2007 Finland Kimi Raikkonen
88%
2006 Brazil Felipe Massa
85%
1996 Germany Michael Schumacher
80%
1974 Austria Niki Lauda
78%
1956 Argentina Juan Manuel Fangio
75%
1989 Great Britain Nigel Mansell
75%
1952 Italy Nino Farina
75%
1990 France Alain Prost
73%
1950 Italy Alberto Ascari
73%
2000 Brazil Rubens Barrichello
73%
2009 Italy Giancarlo Fisichella
68%
1978 Canada Gilles Villeneuve
68%
1987 Austria Gerhard Berger
65%
1958 United States Phil Hill
65%
1991 France Jean Alesi
63%
1979 South Africa Jody Scheckter
63%
1996 Great Britain Eddie Irvine
60%
1970 Switzerland Clay Regazzoni
58%
1999 Finland Mika Salo
55%
1953 Great Britain Mike Hawthorn
55%
1971 United States Mario Andretti
53%
1968 Belgium Jacky Ickx
50%
2009 Italy Luca Badoer
50%
1976 Argentina Carlos Reutemann
43%
1980 France Didier Pironi
43%
1963 Great Britain John Surtees
43%
1984 Italy Michele Alboreto
43%
1983 France Rene Arnoux
43%
1951 Argentina Jose Froilan Gonzalez
40%
1985 Sweden Stefan Johansson
40%
1957 Germany Wolfgang von Trips
40%
1962 Mexico Ricardo Rodriguez
38%
1992 Italy Ivan Capelli
35%
1956 Italy Luigi Musso
33%
1951 Italy Piero Taruffi
33%
1959 Great Britain Tony Brooks
33%
1962 Italy Lorenzo Bandini
30%
1982 France Patrick Tambay
30%
1956 Great Britain Peter Collins
30%
1967 New Zealand Chris Amon
28%
1959 United States Dan Gurney
28%
1954 France Maurice Trintignant
28%
1994 Italy Nicola Larini
28%
1959 France Jean Behra
25%
1951 Italy Luigi Villoresi
25%
1955 Italy Eugenio Castellotti
23%
1961 Italy Giancarlo Baghetti
23%
1956 Belgium Olivier Gendebien
23%
1956 Spain Alfonso de Portago
20%
1963 Italy Ludovico Scarfiotti
20%
1955 Belgium Paul Frere
20%
1972 Italy Arturo Merzario
18%
1991 Italy Gianni Morbidelli
18%
1960 United States Richie Ginther
18%
1954 France Robert Manzon
18%
1952 Switzerland Rudi Fischer
18%
1954 Italy Umberto Maglioli
18%
1970 Italy Ignazio Giunti
15%
1966 Great Britain Mike Parkes
15%
1959 Great Britain Cliff Allison
13%
1950 Great Britain Peter Whitehead
13%
1960 Belgium Willy Mairesse
10%
No matching quizzes found
Score Distribution
Percent of People with Each Score
Percentile by Number Answered
Your Score History
You have not taken this quiz since the last reset